| Tag |
First Indicator |
Second Indicator |
Subfields |
| LEADER |
00000pam a2200000 i 4500 |
| 001 |
in00000058587 |
| 005 |
20151008050436.0 |
| 008 |
790511r1979 nyu 00110 eng |
| 010 |
|
|
|a 79014977
|
| 020 |
|
|
|a 0811207390
|
| 020 |
|
|
|a 0811207404 (pbk.)
|
| 035 |
|
|
|a (OCoLC)05029641
|
| 035 |
|
|
|9 AAG1077AM
|
| 040 |
|
|
|a DLC
|c DLC
|d TXA
|d UtOrBLW
|
| 049 |
|
|
|a TXAM
|c [1383249]
|
| 050 |
0 |
0 |
|a PS3535.E923
|b A17 1979
|
| 082 |
0 |
|
|a 811/.5/2
|
| 100 |
1 |
|
|a Rexroth, Kenneth,
|d 1905-1982.
|
| 245 |
1 |
4 |
|a The morning star /
|c Kenneth Rexroth.
|
| 264 |
|
1 |
|a New York :
|b New Directions Pub. Corp.,
|c [1979]
|
| 264 |
|
4 |
|c ©1979
|
| 300 |
|
|
|a 90 pages ;
|c 21 cm.
|
| 336 |
|
|
|a text
|b txt
|2 rdacontent
|
| 337 |
|
|
|a unmediated
|b n
|2 rdamedia
|
| 338 |
|
|
|a volume
|b nc
|2 rdacarrier
|
| 490 |
0 |
|
|a A New Directions book
|
| 500 |
|
|
|a Poems; originally published under their separate titles.
|
| 500 |
|
|
|a Includes index.
|
| 505 |
0 |
|
|a The silver swan.--On Flower Wreath Hill.--The love poems of Marichiko.
|
| 999 |
|
|
|a MARS
|
| 999 |
f |
f |
|s 30f24f11-e2a7-326f-8d2c-4bd50a5ba590
|i 1f438dd7-4171-3bf4-9e51-13606d13581f
|t 0
|
| 952 |
f |
f |
|p ric
|a Texas A&M University
|b Rellis Campus
|c Joint Library Facility
|d Remote Storage
|t 0
|e PS3535.E923 A17 1979
|h Library of Congress classification
|i unmediated -- volume
|m A14804106300
|
| 998 |
f |
f |
|a PS3535.E923 A17 1979
|t 0
|l Remote Storage
|